[Event "Titled Tuesday 2024.07.23 Late"]
[Site "Chess.com INT"]
[Date "2024.07.23"]
[Round "9"]
[White "Sai, Krishna GV"]
[Black "Sarana, Alexey"]
[Result "0-1"]
[WhiteElo "2402"]
[BlackElo "2717"]
[WhiteFideId "-1"]
[WhiteFideId "-1"]
[PlyCount "140"]
[GameId "2072788622331904"]
[EventDate "2024.07.23"]
[EventType "swiss (blitz)"]
[EventRounds "11"]
[EventCountry "NET"]
[SourceTitle "EXT 2025"]
[Source "ChessBase"]
[SourceDate "2024.10.14"]
[SourceVersion "1"]
[SourceVersionDate "2024.10.14"]
[SourceQuality "1"]

1. d4 d5 2. Nf3 Nf6 3. Bf4 c5 4. e3 Nc6 5. c3 Qb6 6. Qb3 c4 7. Qc2 Bf5 8. Qc1 e6 9. Be2 Nh5 10. Bg3 Nxg3 11. hxg3 h6 12. Bd1 Bd6 13. b4 cxb3 14. axb3 Rc8 15. Bc2 Na5 16. b4 Bxb4 17. Bxf5 Nb3 18. Qd1 Rxc3 19. O-O Nxa1 20. Qa4+ Rc6 21. Bd3 Qa5 22. Bb5 Qxa4 23. Bxa4 Ke7 24. Bxc6 bxc6 25. Nbd2 Nc2 26. Rc1 Bxd2 27. Rxc2 Ba5 28. Ne5 Bb6 29. Nxc6+ Kd6 30. Ne5 Rf8 31. Kf1 h5 32. Ke2 g5 33. Rc1 h4 34. g4 Ke7 35. Nc6+ Kf6 36. Ne5 Ra8 37. Rc6 Ke7 38. Rc2 a5 39. Rb2 Bc7 40. Rb7 Rc8 41. Ra7 Ke8 42. Nd3 Bd8 43. Nc5 Bb6 44. Ra6 Bxc5 45. dxc5 Rxc5 46. Kd3 Rb5 47. Kd4 Kf8 48. Ke5 Kg7 49. Ra7 Rb2 50. f4 Rxg2 51. fxg5 Rxg4 52. g6 Rxg6 53. Rxa5 h3 54. Ra2 Rg2 55. Ra1 h2 56. Rh1 Rf2 57. e4 dxe4 58. Kxe4 f5+ 59. Ke3 Ra2 60. Kf3 Kf6 61. Kg3 e5 62. Rb1 Kg5 63. Rc1 e4 64. Rb1 Rd2 65. Kh3 Kf4 66. Rf1+ Ke5 67. Kg3 f4+ 68. Kh3 f3 69. Ra1 Kf4 70. Ra8 h1=Q# 0-1

[Event "Titled Tuesday 2024.07.23 Late"]
[Site "Chess.com INT"]
[Date "2024.07.23"]
[Round "10"]
[White "Antoniou, Rafail"]
[Black "Sai, Krishna GV"]
[Result "0-1"]
[WhiteElo "2027"]
[BlackElo "2402"]
[WhiteFideId "-1"]
[WhiteFideId "-1"]
[PlyCount "178"]
[GameId "2072788622983168"]
[EventDate "2024.07.23"]
[EventType "swiss (blitz)"]
[EventRounds "11"]
[EventCountry "NET"]
[SourceTitle "EXT 2025"]
[Source "ChessBase"]
[SourceDate "2024.10.14"]
[SourceVersion "1"]
[SourceVersionDate "2024.10.14"]
[SourceQuality "1"]

1. c4 g6 2. h3 Bg7 3. a3 c5 4. Nf3 Nc6 5. e3 Nf6 6. Nc3 O-O 7. d4 b6 8. d5 Na5 9. Bd3 e6 10. O-O Nb7 11. e4 d6 12. Bf4 e5 13. Bg5 h6 14. Be3 Nh5 15. Qd2 g5 16. Ne2 Nf4 17. Ng3 Qf6 18. Bxf4 exf4 19. Nf5 Bxf5 20. exf5 Qxb2 21. Qxb2 Bxb2 22. Ra2 Bf6 23. Nd2 Rfe8 24. Ne4 Be5 25. Re2 Re7 26. f3 Bd4+ 27. Kh2 Rae8 28. Rfe1 Kf8 29. h4 f6 30. Kh3 Kf7 31. Kg4 Be3 32. hxg5 fxg5 33. Rh1 Rh8 34. Nxg5+ Kf6 35. Ne4+ Ke5 36. f6 Ree8 37. Bb1 Kd4 38. Ba2 h5+ 39. Kh3 Reg8 40. Rd1+ Ke5 41. Bb1 Nd8 42. g3 Nf7 43. Rde1 Kd4 44. Rd1+ Ke5 45. Nf2 Kxf6 46. gxf4 Bxf4 47. Re6+ Kg7 48. Rde1 Ng5+ 49. Kg2 Nxe6 50. Rxe6 Kf7+ 51. Kf1 h4 52. Ng4 Rxg4 53. fxg4 h3 54. Kg1 h2+ 55. Kh1 Rh3 56. Bg6+ Kg7 57. Be4 Rc3 58. Re7+ Kf6 59. Re6+ Kg5 60. Rg6+ Kh4 61. Kg2 Rc1 62. Kf2 h1=Q 63. Bxh1 Rxh1 64. Rg8 Be5 65. Ra8 Kxg4 66. Rxa7 Rc1 67. Ra4 Rc2+ 68. Ke3 Rc3+ 69. Kd2 Kf5 70. Ra6 Rxc4 71. Rxb6 Ra4 72. Rb3 Ke4 73. Re3+ Kxd5 74. Rh3 c4 75. Kc2 c3 76. Rd3+ Kc5 77. Rh3 Rxa3 78. Rh7 Ra2+ 79. Kd3 Rd2+ 80. Ke3 Rd5 81. Rc7+ Kb4 82. Ke4 Rc5 83. Rb7+ Kc4 84. Ke3 c2 85. Kd2 Kd5 86. Kc1 Bf4+ 87. Kb2 c1=Q+ 88. Ka2 Rc2+ 89. Rb2 Qxb2# 0-1

[Event "Titled Tuesday 2024.07.23 Late"]
[Site "Chess.com INT"]
[Date "2024.07.23"]
[Round "11"]
[White "Makarian, Rudik"]
[Black "Sai, Krishna GV"]
[Result "1-0"]
[WhiteElo "2525"]
[BlackElo "2402"]
[WhiteFideId "-1"]
[WhiteFideId "-1"]
[PlyCount "115"]
[GameId "2072788623466496"]
[EventDate "2024.07.23"]
[EventType "swiss (blitz)"]
[EventRounds "11"]
[EventCountry "NET"]
[SourceTitle "EXT 2025"]
[Source "ChessBase"]
[SourceDate "2024.10.14"]
[SourceVersion "1"]
[SourceVersionDate "2024.10.14"]
[SourceQuality "1"]

1. d4 g6 2. c4 Bg7 3. Nc3 d6 4. Nf3 Nd7 5. e4 e5 6. d5 Ne7 7. h4 h6 8. h5 g5 9. g4 Nf6 10. Nh2 c5 11. f3 a6 12. a3 Bd7 13. b4 Rb8 14. Be3 Nc8 15. Kf2 Bf8 16. Bd3 b5 17. Rb1 Qc7 18. cxb5 c4 19. b6 Nxb6 20. Be2 Be7 21. Qd2 O-O 22. Nf1 Rfc8 23. Ng3 Ne8 24. Rhc1 Qd8 25. Kg2 Nc7 26. Bxb6 Rxb6 27. Bxc4 Nb5 28. Bxb5 axb5 29. Nf5 Ra6 30. Qb2 Rca8 31. Ra1 Bf8 32. Nd1 Qb8 33. Rc3 Qa7 34. Qc2 Bxf5 35. gxf5 Qd4 36. Nf2 Be7 37. Rd1 Qb6 38. Rc6 Qe3 39. Rd3 Qf4 40. Rxa6 Rxa6 41. Qc8+ Kg7 42. Qxa6 g4 43. fxg4 Bh4 44. Rf3 Qd2 45. Qxd6 Bf6 46. Qc5 Qe1 47. Qxb5 Bh4 48. Qd3 Bxf2 49. Rxf2 Kf6 50. d6 Kg5 51. Qd2+ Qxd2 52. Rxd2 f6 53. d7 Kf4 54. d8=Q Kg5 55. Qg8+ Kh4 56. Kf3 Kh3 57. Re2 Kh4 58. Rh2# 1-0

[Event "Titled Tuesday 2024.07.16 Late"]
[Site "Chess.com INT"]
[Date "2024.07.16"]
[Round "1"]
[White "Sai, Krishna GV"]
[Black "Reprintsev, Alexander"]
[Result "1-0"]
[WhiteElo "2402"]
[BlackElo "2230"]
[WhiteFideId "-1"]
[WhiteFideId "-1"]
[PlyCount "71"]
[GameId "2070292916518912"]
[EventDate "2024.07.16"]
[EventType "swiss (blitz)"]
[EventRounds "11"]
[EventCountry "NET"]
[SourceTitle "EXT 2025"]
[Source "ChessBase"]
[SourceDate "2024.10.14"]
[SourceVersion "1"]
[SourceVersionDate "2024.10.14"]
[SourceQuality "1"]

1. e4 d5 2. exd5 Qxd5 3. Nc3 Qd6 4. d4 c6 5. Nf3 Bf5 6. Bc4 e6 7. O-O Nf6 8. Bg5 Be7 9. Qe2 O-O 10. Rad1 Nbd7 11. Ne5 Nb6 12. Bd3 Bxd3 13. Rxd3 Nbd5 14. Rg3 Nxc3 15. bxc3 Ne8 16. Bf4 Qd8 17. Qh5 Nf6 18. Qh6 g6 19. Rh3 Re8 20. Ng4 Nh5 21. Rxh5 gxh5 22. Be5 f6 23. Bxf6 Bxf6 24. Nxf6+ Kf7 25. Nxe8 Qxe8 26. Qxh7+ Kf6 27. Qxb7 Rb8 28. Qxa7 Rb2 29. Re1 Rxc2 30. Qa5 Qg6 31. Qe5+ Kf7 32. Qc7+ Kf6 33. Qd8+ Kf5 34. Re5+ Kf4 35. Qh4+ Qg4 36. Qf6+ 1-0

[Event "Titled Tuesday 2024.07.16 Late"]
[Site "Chess.com INT"]
[Date "2024.07.16"]
[Round "2"]
[White "Urbina Perez, Juan Antonio"]
[Black "Sai, Krishna GV"]
[Result "1/2-1/2"]
[WhiteElo "2248"]
[BlackElo "2402"]
[WhiteFideId "-1"]
[WhiteFideId "-1"]
[PlyCount "152"]
[GameId "2070292918120448"]
[EventDate "2024.07.16"]
[EventType "swiss (blitz)"]
[EventRounds "11"]
[EventCountry "NET"]
[SourceTitle "EXT 2025"]
[Source "ChessBase"]
[SourceDate "2024.10.14"]
[SourceVersion "1"]
[SourceVersionDate "2024.10.14"]
[SourceQuality "1"]

1. d4 g6 2. Nf3 Bg7 3. g3 d6 4. Bg2 Nd7 5. O-O e5 6. dxe5 dxe5 7. Nc3 Ngf6 8. e4 O-O 9. Re1 c6 10. a4 Qc7 11. Bg5 Nc5 12. Qc1 Rd8 13. h3 a5 14. Bh6 Bh8 15. b3 Nh5 16. Qe3 Ne6 17. Rad1 Nd4 18. Qc1 Bxh3 19. Nxd4 exd4 20. Bxh3 dxc3 21. Qe3 Ng7 22. Bg5 Rxd1 23. Rxd1 Ne6 24. Bxe6 fxe6 25. Bf4 Qe7 26. e5 Qb4 27. Rd4 Qa3 28. Qxc3 Rf8 29. Qd3 g5 30. Rd7 Bg7 31. Bxg5 Qa1+ 32. Kg2 Qxe5 33. Be3 Rf7 34. Rxf7 Kxf7 35. Qd7+ Kg6 36. Qxb7 Qe4+ 37. Kh2 Qxc2 38. Qb6 Qc3 39. Qc5 Qxc5 40. Bxc5 Bc3 41. Kg2 Kf5 42. f3 Ke5 43. Kf1 Kd5 44. Be3 Bd4 45. Bd2 Bb6 46. Ke2 Bc7 47. g4 Ke5 48. Kd3 Kf6 49. Ke4 Kg6 50. Be3 h5 51. gxh5+ Kxh5 52. Bf4 Bd8 53. Ke5 Bc7+ 54. Ke4 Bd8 55. Bd6 Kg6 56. Ke5 Kf7 57. f4 Bf6+ 58. Ke4 Bc3 59. Be5 Bb4 60. Kd4 Ke7 61. Kc4 Kd7 62. Bc3 Bxc3 63. Kxc3 c5 64. Kd3 Kc7 65. Kc3 Kd7 66. Kd3 Kc7 67. Ke4 Kd6 68. Ke3 e5 69. fxe5+ Kxe5 70. Kd3 Kd5 71. Kc3 Kd6 72. Kd3 Kd7 73. Kc4 Kc6 74. Kc3 Kd6 75. Kd3 Kd5 76. Kc3 Kd6 1/2-1/2

[Event "Titled Tuesday 2024.07.16 Late"]
[Site "Chess.com INT"]
[Date "2024.07.16"]
[Round "3"]
[White "Sai, Krishna GV"]
[Black "Sitbon, Itay"]
[Result "1-0"]
[WhiteElo "2402"]
[BlackElo "2213"]
[WhiteFideId "-1"]
[WhiteFideId "-1"]
[PlyCount "41"]
[GameId "2070292918296576"]
[EventDate "2024.07.16"]
[EventType "swiss (blitz)"]
[EventRounds "11"]
[EventCountry "NET"]
[SourceTitle "EXT 2025"]
[Source "ChessBase"]
[SourceDate "2024.10.14"]
[SourceVersion "1"]
[SourceVersionDate "2024.10.14"]
[SourceQuality "1"]

1. Nf3 Nf6 2. g3 g6 3. Bg2 Bg7 4. O-O O-O 5. d3 d5 6. Nbd2 c5 7. e4 Nc6 8. Re1 e5 9. exd5 Nxd5 10. Nc4 Re8 11. Nfd2 b6 12. Ne4 Be6 13. Ng5 Bf5 14. g4 Bc8 15. Qf3 Be6 16. Qh3 Nd4 17. Qxh7+ Kf8 18. Nxe5 Nxc2 19. Nxe6+ Rxe6 20. Bh6 Bxh6 21. Qxf7# 1-0

[Event "Titled Tuesday 2024.07.16 Late"]
[Site "Chess.com INT"]
[Date "2024.07.16"]
[Round "4"]
[White "George Micheal, Kevin"]
[Black "Sai, Krishna GV"]
[Result "1-0"]
[WhiteElo "2271"]
[BlackElo "2402"]
[WhiteFideId "-1"]
[WhiteFideId "-1"]
[PlyCount "85"]
[GameId "2070292919799808"]
[EventDate "2024.07.16"]
[EventType "swiss (blitz)"]
[EventRounds "11"]
[EventCountry "NET"]
[SourceTitle "EXT 2025"]
[Source "ChessBase"]
[SourceDate "2024.10.14"]
[SourceVersion "1"]
[SourceVersionDate "2024.10.14"]
[SourceQuality "1"]

1. e4 c5 2. Nf3 g6 3. g3 Bg7 4. Bg2 Nc6 5. O-O e6 6. c3 Nge7 7. d4 cxd4 8. cxd4 d5 9. e5 Nf5 10. Nc3 Qb6 11. Ne2 Bd7 12. b3 f6 13. exf6 Bxf6 14. Bb2 O-O 15. Re1 g5 16. g4 Nd6 17. Ng3 h6 18. Qd2 Rae8 19. Qd3 Ne7 20. Ba3 Rf7 21. Bc5 Qb5 22. Qb1 Ndc8 23. Nh5 Bh8 24. h4 gxh4 25. Qc1 Kh7 26. Bf1 Qxf1+ 27. Rxf1 Rxf3 28. Qc2+ Ng6 29. Kg2 Rf7 30. f4 Nce7 31. Bxe7 Rexe7 32. f5 exf5 33. gxf5 Nf8 34. f6+ Re4 35. Rae1 Bc6 36. b4 a6 37. a4 Kg6 38. Nf4+ Kg5 39. Kh2 Rxf4 40. Rxf4 Kxf4 41. Qf2+ Kg5 42. Rg1+ Kh5 43. Qf5# 1-0

[Event "Titled Tuesday 2024.07.16 Late"]
[Site "Chess.com INT"]
[Date "2024.07.16"]
[Round "5"]
[White "Sai, Krishna GV"]
[Black "Silva, Kaua Marques"]
[Result "1-0"]
[WhiteElo "2402"]
[BlackElo "2224"]
[WhiteFideId "-1"]
[WhiteFideId "-1"]
[PlyCount "43"]
[GameId "2070292920127488"]
[EventDate "2024.07.16"]
[EventType "swiss (blitz)"]
[EventRounds "11"]
[EventCountry "NET"]
[SourceTitle "EXT 2025"]
[Source "ChessBase"]
[SourceDate "2024.10.14"]
[SourceVersion "1"]
[SourceVersionDate "2024.10.14"]
[SourceQuality "1"]

1. Nf3 b6 2. g3 Bb7 3. Bg2 Nf6 4. O-O c5 5. d3 e6 6. Nbd2 d6 7. e4 Qc7 8. Nh4 Be7 9. f4 Nc6 10. c3 O-O 11. f5 exf5 12. Nxf5 Rfe8 13. Nc4 Bf8 14. Bg5 Nd7 15. Qh5 Nde5 16. Nce3 f6 17. Nd5 Qf7 18. Nh6+ gxh6 19. Nxf6+ Kh8 20. Qxf7 Nxf7 21. Nxe8 Nxg5 22. Rxf8# 1-0

[Event "Titled Tuesday 2024.07.16 Late"]
[Site "Chess.com INT"]
[Date "2024.07.16"]
[Round "6"]
[White "Kaplan, Avi Harrison"]
[Black "Sai, Krishna GV"]
[Result "1-0"]
[WhiteElo "2234"]
[BlackElo "2402"]
[WhiteFideId "-1"]
[WhiteFideId "-1"]
[PlyCount "114"]
[GameId "2070292921311232"]
[EventDate "2024.07.16"]
[EventType "swiss (blitz)"]
[EventRounds "11"]
[EventCountry "NET"]
[SourceTitle "EXT 2025"]
[Source "ChessBase"]
[SourceDate "2024.10.14"]
[SourceVersion "1"]
[SourceVersionDate "2024.10.14"]
[SourceQuality "1"]

1. Nf3 g6 2. g3 Bg7 3. Bg2 e5 4. d3 d5 5. c4 dxc4 6. Qa4+ Nc6 7. Qxc4 Nge7 8. O-O O-O 9. a3 a5 10. Nc3 h6 11. Be3 Nf5 12. Rac1 Nxe3 13. fxe3 h5 14. h4 Bh6 15. Nd1 Be6 16. Qb5 Ra6 17. Nxe5 Rb6 18. Nxc6 Rxb5 19. Nxd8 Rxd8 20. Kf2 Bb3 21. Nc3 Re5 22. Ne4 c6 23. Rc5 Bd5 24. Rxa5 Kg7 25. Bf3 Rde8 26. Ra7 R8e7 27. Rc1 f5 28. Ng5 Bxg5 29. hxg5 Bxf3 30. exf3 Rxe3 31. Rxb7 Re2+ 32. Kf1 Rxb7 33. Kxe2 Rxb2+ 34. Ke3 Rb6 35. Kd4 Kf7 36. Kc5 Ra6 37. Rc3 Ke6 38. f4 Kd7 39. d4 Ra5+ 40. Kc4 Kd6 41. Kd3 Kd5 42. Rc5+ Rxc5 43. dxc5 Kxc5 44. Kc3 Kb5 45. Kd4 Ka4 46. Kc5 Kxa3 47. Kxc6 Kb4 48. Kd5 Kc3 49. Ke5 Kd3 50. Kf6 Ke3 51. Kxg6 h4 52. gxh4 Kxf4 53. h5 Kg4 54. h6 f4 55. h7 f3 56. h8=Q f2 57. Qh1 Kg3 1-0

[Event "Titled Tuesday 2024.07.09 Late"]
[Site "Chess.com INT"]
[Date "2024.07.09"]
[Round "4"]
[White "Sai, Krishna GV"]
[Black "Asish, Panda"]
[Result "1-0"]
[WhiteElo "2402"]
[BlackElo "1911"]
[WhiteFideId "-1"]
[WhiteFideId "-1"]
[PlyCount "105"]
[GameId "2067761356124160"]
[EventDate "2024.07.09"]
[EventType "swiss (blitz)"]
[EventRounds "11"]
[EventCountry "NET"]
[SourceTitle "EXT 2025"]
[Source "ChessBase"]
[SourceDate "2024.10.14"]
[SourceVersion "1"]
[SourceVersionDate "2024.10.14"]
[SourceQuality "1"]

1. Nf3 d5 2. g3 Nf6 3. Bg2 e6 4. O-O Be7 5. d3 O-O 6. Nbd2 c5 7. e4 dxe4 8. dxe4 Nc6 9. Re1 Qc7 10. c3 e5 11. Nh4 Bg4 12. Qc2 Rad8 13. Nc4 Be6 14. Ne3 g6 15. Qe2 Rfe8 16. Bf1 a6 17. Qc2 b5 18. Nhg2 Ng4 19. h3 Nf6 20. g4 Qb7 21. f4 exf4 22. Nxf4 Bd6 23. Nxe6 Rxe6 24. Bg2 Rde8 25. Rd1 Bb8 26. Nd5 Nxd5 27. exd5 Re2 28. Qd3 Na5 29. Qf3 Nc4 30. b3 Nd6 31. Bh6 Qe7 32. Rf1 c4 33. b4 Qe5 34. Bf4 Qe7 35. a4 f6 36. axb5 axb5 37. Ra6 g5 38. Bxd6 Bxd6 39. Qxf6 Qxf6 40. Rxf6 Be5 41. Rf3 Re1+ 42. Bf1 Bf4 43. Rb6 Rd1 44. Rxb5 Ree1 45. Rc5 Be3+ 46. Kg2 Bxc5 47. bxc5 Rd2+ 48. Rf2 Rxd5 49. Bxc4 Ree5 50. Rf5 Kg7 51. Bxd5 Re2+ 52. Kf3 Re3+ 53. Kxe3 1-0

[Event "Titled Tuesday 2024.07.02 Early"]
[Site "Chess.com INT"]
[Date "2024.07.02"]
[Round "1"]
[White "Amanov, Zhanibek"]
[Black "Sai, Krishna GV"]
[Result "1/2-1/2"]
[WhiteElo "2275"]
[BlackElo "2402"]
[WhiteFideId "-1"]
[WhiteFideId "-1"]
[PlyCount "64"]
[GameId "2065220335857664"]
[EventDate "2024.07.02"]
[EventType "swiss (blitz)"]
[EventRounds "11"]
[EventCountry "NET"]
[SourceTitle "EXT 2025"]
[Source "ChessBase"]
[SourceDate "2024.10.14"]
[SourceVersion "1"]
[SourceVersionDate "2024.10.14"]
[SourceQuality "1"]

1. e4 e5 2. Nf3 Nc6 3. Nc3 Nf6 4. h3 Bb4 5. Bc4 O-O 6. d3 d5 7. exd5 Nxd5 8. Bd2 Bxc3 9. bxc3 Nb6 10. Bb3 Na5 11. O-O Nxb3 12. axb3 Re8 13. Re1 f6 14. c4 Nd7 15. d4 e4 16. Nh2 f5 17. d5 Qh4 18. Bc3 Ne5 19. Bxe5 Rxe5 20. Nf3 Qf6 21. Nxe5 Qxe5 22. f3 e3 23. f4 Qxf4 24. Qd3 Qf2+ 25. Kh1 f4 26. Rf1 Qh4 27. Qe4 g5 28. Qe8+ Kg7 29. Qe7+ Kg6 30. Qe8+ Kg7 31. Qe7+ Kg6 32. Qe8+ Kg7 1/2-1/2

[Event "Titled Tuesday 2024.07.02 Early"]
[Site "Chess.com INT"]
[Date "2024.07.02"]
[Round "2"]
[White "Sai, Krishna GV"]
[Black "Sodol, Georgiy"]
[Result "1-0"]
[WhiteElo "2402"]
[BlackElo "2375"]
[WhiteFideId "-1"]
[WhiteFideId "-1"]
[PlyCount "79"]
[GameId "2065220337479680"]
[EventDate "2024.07.02"]
[EventType "swiss (blitz)"]
[EventRounds "11"]
[EventCountry "NET"]
[SourceTitle "EXT 2025"]
[Source "ChessBase"]
[SourceDate "2024.10.14"]
[SourceVersion "1"]
[SourceVersionDate "2024.10.14"]
[SourceQuality "1"]

1. Nf3 Nf6 2. g3 c5 3. Bg2 Nc6 4. O-O d5 5. d3 e6 6. Nbd2 Be7 7. e4 O-O 8. Re1 Qc7 9. e5 Nd7 10. Qe2 b5 11. Nf1 a5 12. h4 Ba6 13. N1h2 Rfc8 14. Ng4 Bf8 15. Ng5 h6 16. Nf3 Nd4 17. Qd1 b4 18. Bf4 a4 19. Nfh2 b3 20. axb3 axb3 21. cxb3 Qb6 22. Re3 Qxb3 23. Nxh6+ gxh6 24. Qh5 Nf5 25. Rf3 Bxd3 26. Re1 Qb4 27. Ree3 Ra1+ 28. Bf1 Bxf1 29. Nxf1 Nxe3 30. fxe3 Qxb2 31. Bxh6 Bxh6 32. Qxf7+ Kh8 33. Qxd7 Rg8 34. Qxe6 Bg7 35. Rf5 Qe2 36. Qg6 Rxf1+ 37. Rxf1 Qxe3+ 38. Kh2 Bxe5 39. Qh5+ Kg7 40. Rf7# 1-0

[Event "Titled Tuesday 2024.07.02 Early"]
[Site "Chess.com INT"]
[Date "2024.07.02"]
[Round "3"]
[White "Ayushh, Ravikumar"]
[Black "Sai, Krishna GV"]
[Result "1-0"]
[WhiteElo "1951"]
[BlackElo "2402"]
[WhiteFideId "-1"]
[WhiteFideId "-1"]
[PlyCount "73"]
[GameId "2065220338499584"]
[EventDate "2024.07.02"]
[EventType "swiss (blitz)"]
[EventRounds "11"]
[EventCountry "NET"]
[SourceTitle "EXT 2025"]
[Source "ChessBase"]
[SourceDate "2024.10.14"]
[SourceVersion "1"]
[SourceVersionDate "2024.10.14"]
[SourceQuality "1"]

1. Nf3 Nf6 2. d4 g6 3. g3 Bg7 4. Bg2 O-O 5. O-O d6 6. c4 Nc6 7. Nc3 a6 8. e4 Bg4 9. Be3 Nd7 10. h3 Bxf3 11. Bxf3 e5 12. d5 Nd4 13. Bg2 c5 14. Qd2 f5 15. f4 exf4 16. Bxf4 Ne5 17. b3 b5 18. exf5 gxf5 19. Bxe5 Bxe5 20. Rad1 Bxg3 21. Ne2 Nxe2+ 22. Qxe2 Qh4 23. Rf3 Rae8 24. Qf1 Be5 25. cxb5 axb5 26. Qxb5 Bd4+ 27. Kh1 Re5 28. b4 Rfe8 29. bxc5 dxc5 30. Rxf5 Re2 31. d6 R8e3 32. Rg1 h5 33. Be4+ Rg3 34. Rxg3+ Qxg3 35. Qe8+ Kg7 36. Qf7+ Kh8 37. Rxh5# 1-0

[Event "Titled Tuesday 2024.07.02 Early"]
[Site "Chess.com INT"]
[Date "2024.07.02"]
[Round "4"]
[White "Sai, Krishna GV"]
[Black "Rizzo, Tobias"]
[Result "0-1"]
[WhiteElo "2402"]
[BlackElo "1978"]
[WhiteFideId "-1"]
[WhiteFideId "-1"]
[PlyCount "82"]
[GameId "2065220339695616"]
[EventDate "2024.07.02"]
[EventType "swiss (blitz)"]
[EventRounds "11"]
[EventCountry "NET"]
[SourceTitle "EXT 2025"]
[Source "ChessBase"]
[SourceDate "2024.10.14"]
[SourceVersion "1"]
[SourceVersionDate "2024.10.14"]
[SourceQuality "1"]

1. Nf3 Nf6 2. g3 g6 3. Bg2 Bg7 4. O-O O-O 5. d3 c5 6. Nbd2 d5 7. e4 Nc6 8. Re1 dxe4 9. dxe4 h6 10. c3 Be6 11. Qe2 Qc7 12. h3 Rfd8 13. Nf1 Qa5 14. Qc2 Rac8 15. Be3 Nd4 16. cxd4 cxd4 17. Qd2 Qh5 18. Bf4 Bxh3 19. e5 Ng4 20. e6 fxe6 21. Rxe6 Bxg2 22. Kxg2 Qf5 23. Rxe7 Rc2 24. Qd1 Nxf2 25. Qxc2 Qxc2 26. Rae1 Ng4+ 27. R1e2 Qc6 28. Rc7 Qd5 29. Ree7 Bf6 30. Rh7 g5 31. Bc1 Ne5 32. N1d2 Nxf3 33. Nxf3 g4 34. Bxh6 Qxf3+ 35. Kh2 Qf2+ 36. Kh1 Qf1+ 37. Kh2 Qh3+ 38. Kg1 Qxg3+ 39. Kh1 Re8 40. Bd2 Re2 41. Rc8+ Kxh7 0-1

[Event "Titled Tuesday 2024.07.02 Early"]
[Site "Chess.com INT"]
[Date "2024.07.02"]
[Round "6"]
[White "Sai, Krishna GV"]
[Black "Abdukhakimov, Akbarali"]
[Result "1-0"]
[WhiteElo "2402"]
[BlackElo "2271"]
[WhiteFideId "-1"]
[WhiteFideId "-1"]
[PlyCount "125"]
[GameId "2065220342349824"]
[EventDate "2024.07.02"]
[EventType "swiss (blitz)"]
[EventRounds "11"]
[EventCountry "NET"]
[SourceTitle "EXT 2025"]
[Source "ChessBase"]
[SourceDate "2024.10.14"]
[SourceVersion "1"]
[SourceVersionDate "2024.10.14"]
[SourceQuality "1"]

1. Nf3 d5 2. g3 c6 3. Bg2 Bg4 4. O-O Nd7 5. d3 Ngf6 6. Nbd2 e5 7. e4 Bd6 8. h3 Bh5 9. g4 Bg6 10. Nh4 O-O 11. Nf5 Bc5 12. c3 Re8 13. Qc2 Bf8 14. Nf3 Nc5 15. Rd1 Qc7 16. N3h4 Rad8 17. Be3 Ne6 18. Bf3 Bc5 19. b4 Bxe3 20. fxe3 dxe4 21. dxe4 Rxd1+ 22. Rxd1 Rd8 23. Bg2 Ng5 24. Rxd8+ Qxd8 25. Ng3 Qd7 26. Nhf5 h6 27. h4 Ne6 28. Bf3 c5 29. Kf2 c4 30. a4 a6 31. a5 Nc7 32. Be2 Nb5 33. g5 hxg5 34. hxg5 Nh7 35. Bxc4 Nxg5 36. Bd5 Nd6 37. c4 Bxf5 38. exf5 Kf8 39. Qc3 Ne8 40. Qxe5 f6 41. Qd4 Nd6 42. Ke2 Qe7 43. Be6 Ne8 44. Nh5 Nxe6 45. fxe6 Qxe6 46. Nf4 Qd6 47. Nd5 Nc7 48. Qf4 Qxf4 49. Nxf4 Kf7 50. Kf3 g5 51. Nd3 Ne6 52. Ke4 Kg6 53. Kd5 Ng7 54. b5 axb5 55. cxb5 Ne8 56. Kc5 Nc7 57. Kb6 Nd5+ 58. Kxb7 g4 59. a6 g3 60. Ne1 Nxe3 61. a7 Nc4 62. a8=Q Nd6+ 63. Kc6 1-0

[Event "Titled Tuesday 2024.07.02 Early"]
[Site "Chess.com INT"]
[Date "2024.07.02"]
[Round "7"]
[White "Sai, Krishna GV"]
[Black "Abdilkhair, Abilmansur"]
[Result "1-0"]
[WhiteElo "2402"]
[BlackElo "2370"]
[WhiteFideId "-1"]
[WhiteFideId "-1"]
[PlyCount "107"]
[GameId "2065220342943744"]
[EventDate "2024.07.02"]
[EventType "swiss (blitz)"]
[EventRounds "11"]
[EventCountry "NET"]
[SourceTitle "EXT 2025"]
[Source "ChessBase"]
[SourceDate "2024.10.14"]
[SourceVersion "1"]
[SourceVersionDate "2024.10.14"]
[SourceQuality "1"]

1. Nf3 d5 2. c4 d4 3. e3 Nc6 4. b4 Nxb4 5. exd4 e5 6. dxe5 Bf5 7. d3 Bxd3 8. Bxd3 Qxd3 9. Qxd3 Nxd3+ 10. Ke2 Nxc1+ 11. Rxc1 Ne7 12. Nc3 Nc6 13. Rd1 g6 14. Rd5 Bg7 15. Rad1 O-O 16. Nb5 Rac8 17. Nbd4 Nxe5 18. Nxe5 Rfe8 19. f4 f6 20. Ndf3 c6 21. Rd7 fxe5 22. fxe5 Bxe5 23. Rxb7 Bxh2+ 24. Kf2 Be5 25. Rdd7 Bf6 26. Rxa7 h5 27. a4 Re4 28. Rd6 Rf8 29. Ra6 Rxc4 30. Raxc6 Bd4+ 31. Ke2 Rxc6 32. Rxc6 Bf6 33. a5 Kf7 34. a6 Ra8 35. Kd3 g5 36. Nd2 Rd8+ 37. Kc2 Ra8 38. Ne4 Be7 39. Nc3 g4 40. Nd5 h4 41. Kd3 h3 42. gxh3 gxh3 43. Rh6 h2 44. Rxh2 Rxa6 45. Rh7+ Ke6 46. Nc7+ Kd6 47. Nxa6 Bf6 48. Nb4 Ke6 49. Nc2 Kf5 50. Rh1 Kg6 51. Rf1 Bg5 52. Ke4 Bf6 53. Ne3 Kf7 54. Nd5 1-0

[Event "Titled Tuesday 2024.07.02 Early"]
[Site "Chess.com INT"]
[Date "2024.07.02"]
[Round "8"]
[White "Shapiro, Viktor"]
[Black "Sai, Krishna GV"]
[Result "0-1"]
[WhiteElo "2074"]
[BlackElo "2402"]
[WhiteFideId "-1"]
[WhiteFideId "-1"]
[PlyCount "72"]
[GameId "2065220343742464"]
[EventDate "2024.07.02"]
[EventType "swiss (blitz)"]
[EventRounds "11"]
[EventCountry "NET"]
[SourceTitle "EXT 2025"]
[Source "ChessBase"]
[SourceDate "2024.10.14"]
[SourceVersion "1"]
[SourceVersionDate "2024.10.14"]
[SourceQuality "1"]

1. c4 e5 2. Nc3 Nc6 3. g3 h5 4. h4 Nf6 5. Bg2 Bc5 6. d3 Ng4 7. e3 f5 8. Nf3 f4 9. gxf4 exf4 10. d4 Bb4 11. exf4 O-O 12. O-O Bxc3 13. bxc3 Ne7 14. Ng5 Ng6 15. Bd5+ Kh8 16. f3 Nh6 17. Qe1 Qf6 18. Be4 d6 19. Rb1 Rb8 20. Rf2 Nxf4 21. Qe3 Ng6 22. c5 Nf5 23. cxd6 Nxe3 24. Bxe3 cxd6 25. Rb5 a6 26. Rd5 Ne7 27. Ra5 b6 28. Ra4 Bf5 29. Rxa6 d5 30. Bxf5 Nxf5 31. Bf4 Nxh4 32. Bxb8 Qxg5+ 33. Kf1 Rxb8 34. f4 Qg3 35. Ra3 Re8 36. c4 Qxa3 0-1